POBLES DEL PALLARS JUSSÀ - Estadísticas

Estadísticas generales
  • Esta prueba ha sido intentada 39 veces
  • La puntuación promedio es 10 de 14
Estadísticas de respuestas
INICIAL MUNICIPI % Correcto
T Tremp
100%
I Isona i Conca Dellà
87%
S Senterada
87%
P la Pobla de Segur
80%
T Talarn
80%
A Abella de la Conca
73%
L Llimiana
73%
S Sant Esteve de la Sarga
67%
C Castell de Mur
60%
G Gavet de la Conca
60%
T la Torre de Cabdella
60%
S Salàs de Pallars
60%
C Conca de Dalt
53%
S Sarroca de Bellera
53%
No se encontraron pruebas coincidentes
Distribución de puntuación
Porcentaje de gente con cada puntuación
Porcentaje por número respondido
Historial de tus puntuaciones
No has intentado esta prueba.